American Airlines Destinations on a Map - Statistics

General Stats
  • This quiz has been taken 345 times
  • The average score is 120 of 210
Answers on the Map
Answers color-coded by a green-red scale on the quiz's map according to % correct below.
 
Answer Stats
Country Answer % Correct
Japan Tokyo
89%
Australia Sydney
88%
South Korea Seoul
87%
China Shanghai
87%
United States (Hawaii) Honolulu
85%
United Kingdom London
85%
United States (New York) New York
85%
Greece Athens
84%
Ireland Dublin
84%
Spain Madrid
84%
France Paris
84%
Italy Rome
84%
New Zealand Auckland
83%
Argentina Buenos Aires
83%
United States (Illinois) Chicago
83%
Denmark Copenhagen
83%
United States (Texas) Dallas
83%
India Delhi
83%
Portugal Lisbon
83%
United States (Florida) Miami
83%
Brazil Rio de Janeiro
83%
Dominican Republic Santiago de los Cabelleros
83%
The Netherlands Amsterdam
82%
Spain Barcelona
82%
United States (California) Los Angeles
82%
Chile Santiago
82%
Brazil Sao Paulo
81%
United States (Washington) Seattle
81%
United States (Massachusetts) Boston
80%
Australia Brisbane
80%
Qatar Doha
80%
Germany Frankfurt
80%
Peru Lima
80%
Italy Milan
80%
United States (California) San Francisco
80%
Canada Toronto
80%
United States (Texas) Houston
79%
Mexico Mexico City
79%
Israel Tel Aviv
79%
Canada Vancouver
79%
United States (District of Columbia) Washington
79%
Cuba Havana
78%
Germany Munich
78%
United States (California) San Diego
78%
Switzerland Zurich
78%
United States (Alaska) Anchorage
77%
United States (Texas) Austin
77%
United States (Colorado) Denver
77%
United Kingdom Edinburgh
77%
United States (Maine) | United States (Oregon) Portland
77%
Mexico San Jose del Cabo
77%
Colombia Bogota
76%
United States (Nevada) Las Vegas
76%
Canada Montreal
76%
Italy Naples
76%
Panama Panama City
76%
United States (Michigan) Detroit
75%
United States (Florida) Orlando
75%
United States (Pennsylvania) Philadelphia
75%
United States (Arizona) Phoenix
75%
Costa Rica | United States (California) San Jose
75%
Italy Venice
75%
United States (Georgia) Atlanta
74%
France Nice
74%
United States (Mississippi) | United States (Wyoming) Jackson
73%
St Vincent and the Grenadines Kingstown
73%
United States (Louisiana) New Orleans
73%
Uruguay Montevideo
72%
Ecuador Quito
72%
United States (Florida) Tampa
72%
United States (Florida) Jacksonville
71%
Bahamas Nassau
71%
United States (Texas) San Antonio
71%
Canada Calgary
70%
United States (North Carolina) Charlotte
70%
Jamaica Kingston
70%
United States (New Jersey) Newark
70%
Mexico Cancun
69%
United States (Minnesota) Minneapolis
69%
United States (Oklahoma) Oklahoma City
68%
United States (Utah) Salt Lake City
68%
United States (Indiana) Indianapolis
67%
United States (Missouri) Kansas City
67%
United States (Tennessee) Nashville
67%
United States (California) Sacramento
67%
United States (Maryland) Baltimore
66%
United States (New York) Buffalo
66%
United States (Ohio) Cleveland
66%
United States (Ohio) Columbus
64%
United States (Texas) El Paso
64%
Guatemala Guatemala City
64%
United States (Idaho) Boise
63%
United States (Ohio) Cincinnati
63%
United States (Tennessee) Memphis
63%
United States (Pennsylvania) Pittsburgh
63%
United States (Missouri) St Louis
63%
United States (New Mexico) Albuquerque
62%
Colombia Medellin
62%
United States (Wisconsin) Milwaukee
62%
United States (Puerto Rico) San Juan
62%
United States (North Carolina) Raleigh
61%
United States (Arizona) Tucson
60%
Belize Belize City
59%
United States (Florida) Fort Lauderdale
59%
Aruba Oranjestad
59%
Bermuda Bermuda
58%
Mexico Guadalajara
58%
Haiti Port-au-Prince
58%
United States (Louisiana) Baton Rouge
57%
United States (Colorado) Colorado Springs
57%
El Salvador San Salvador
57%
United States (New York) Albany
56%
United States (Alabama) Birmingham
56%
Cayman Islands George Town
56%
Guyana Georgetown
56%
United States (Rhode Island) Providence
56%
Dominican Republic Santo Domingo
56%
United States (New Mexico) Santa Fe
55%
United States (Oklahoma) Tulsa
55%
United States (Iowa) Des Moines
54%
United States (Connecticut) Hartford
54%
United States (Nebraska) Omaha
54%
United States (Nevada) Reno
54%
Trinidad and Tobago Port of Spain
53%
United States (South Carolina) Charleston
52%
United States (Alabama) Mobile
52%
United States (North Dakota) Bismarck
51%
United States (Kentucky) Louisville
51%
United States (Virginia) Richmond
51%
Colombia Cali
50%
United States (California) Fresno
50%
United States (Washington) Spokane
50%
United States (North Dakota) Fargo
49%
Jamaica Montego Bay
49%
United States (Alabama) Montgomery
49%
United States (New York) Rochester
49%
St Kitts and Nevis Basseterre
48%
Ecuador Guayaquil
47%
United States (Florida) Fort Myers
46%
United States (New York) Syracuse
46%
United States (Kansas) Wichita
46%
Curacao Willemstad
46%
United States (Ohio) Akron
45%
United States (Virginia) Norfolk
45%
Dominican Republic Punta Cana
45%
Honduras Tegucigalpa
45%
United States (Ohio) Toledo
45%
United States (New Hampshire) Manchester
44%
St Lucia Vieux Fort
44%
Nicaragua Managua
43%
Barbados Bridgetown
42%
Colombia Cartagena
42%
United States (North Carolina) Greensboro
42%
United States (Pennsylvania) Harrisburg
42%
Bonaire Kralendijk
42%
United States (Ohio) Dayton
41%
United States (California) Burbank
40%
United States (Hawaii) Kailua-Kona
39%
United States (Tennessee) Knoxville
39%
United States (California) Santa Barbara
38%
United States (Montana) Bozeman
37%
United States (California) Ontario
37%
United States (Florida) Pensacola
37%
United States (California) Santa Ana
37%
Antigua and barbuda St Johns
37%
United States (Florida) West Palm Beach
37%
United States (California) Palm Springs
36%
Colombia Barranquilla
34%
United States (Alabama) Huntsville
34%
Mexico Puerto Vallarta
34%
United States (Florida) Sarasota
34%
United States (Arizona) Yuma
34%
United States (Hawaii) Kahului
33%
Sint Maarten Sint Maarten
33%
United States (North Carolina) Wilmington
32%
United States (Massachusetts) Worcester
32%
Costa Rica Liberia
31%
Mexico Cozumel
30%
United States (Hawaii) Lihue
30%
United States (Montana) Missoula
30%
United States (Colorado) Eagle/Vail
29%
Mexico Oaxaca
29%
United States (US Virgin Islands) St Thomas
29%
Honduras San Pedro Sula
28%
United States (Mississippi) Gulfport
27%
Bahamas Freeport
25%
Mexico Leon
23%
United States (Pennsylvania) Scranton
23%
United States (US Virgin Islands) St Croix
22%
United States (Arkansas) Bentonville
20%
Turks and Caicos Islands Providenciales
20%
Honduras Roatan
18%
Cuba Santa Clara
17%
Cuba Santiago de Cuba
17%
Cuba Varadero
17%
Cuba Camaguey
16%
Dominican Republic Puerto Plata
16%
Cuba Holguin
15%
Mexico Ixtapa
15%
United States (Oregon) Redmond
13%
United States (Colorado) Steamboat Springs
13%
United States (Colorado) Montrose
12%
Mexico Morelia
12%
Colombia San Andres
12%
United States (New York) Watertown
12%
Colombia Pereira
11%
Grenada St George´s
2%
No matching quizzes found
Score Distribution
Percent of People with Each Score
Percentile by Number Answered
Your Score History
You have not taken this quiz